|
|
|
|
| LEADER |
00000cam a2200000 7i4500 |
| 001 |
0000046694 |
| 005 |
20150819.0 |
| 008 |
150405 |
| 020 |
|
|
|a 9789833949182
|
| 020 |
|
|
|a 9789833949236(set)
|
| 090 |
0 |
0 |
|a MOR
|b MAL
|
| 100 |
0 |
|
|a Oly suraidah
|
| 245 |
1 |
0 |
|a Cemburu
|c Oly Suraidah
|
| 260 |
|
|
|a Wilayah Persekutuan :
|b Star Trading ,
|c 2008
|
| 490 |
0 |
|
|a Siri Nilai Murni
|
| 999 |
|
|
|a 0001062444
|b Book
|c Children Collection
|e Cawangan Taman Sri Lambak
|
| 999 |
|
|
|a 0001062445
|b Book
|c Children Collection
|e Cawangan Taman Sri Lambak
|
| 999 |
|
|
|a 0001062446
|b Book
|c Children Collection
|e Cawangan Taman Sri Lambak
|
| 999 |
|
|
|a 0001088262
|b Book
|c Children Collection
|e Cawangan Pontian
|
| 999 |
|
|
|a 0001088272
|b Book
|c Children Collection
|e Cawangan Kota Tinggi
|
| 999 |
|
|
|a 0001088278
|b Book
|c Adult Collection
|e Cawangan Bandar Penawar
|
| 999 |
|
|
|a 0001088294
|b Book
|c Children Collection
|e Cawangan Segamat
|
| 999 |
|
|
|a 0001088302
|b Book
|c Children Collection
|e Cawangan Taman Sri Lambak
|
| 999 |
|
|
|a 0001088310
|b Book
|c Children Collection
|e Cawangan Bukit Gambir
|
| 999 |
|
|
|a 0001088326
|b Book
|c Children Collection
|e Cawangan Taman Universiti
|
| 999 |
|
|
|a 0001088334
|b Book
|c Children Collection
|e Cawangan Kota Tinggi
|
| 999 |
|
|
|a 0001088350
|b Book
|c Children Collection
|e Cawangan Bandar Tenggara
|
| 999 |
|
|
|a 0001088358
|b Book
|c Audiovisual
|e Cawangan Mersing
|
| 999 |
|
|
|a 0001088366
|b Book
|c Children Collection
|e Cawangan Pontian
|
| 999 |
|
|
|a 0001088382
|b Book
|c Children Collection
|e Cawangan Bandar Penawar
|
| 999 |
|
|
|a 0001088390
|b Book
|c Children Collection
|e Cawangan Pontian
|
| 999 |
|
|
|a 0001088406
|b Book
|c Children Collection
|e Cawangan Pontian
|
| 999 |
|
|
|a 0001088421
|b Book
|c Children Collection
|e Cawangan Kota Tinggi
|
| 999 |
|
|
|a 0001088437
|b Book
|c Children Collection
|e Cawangan Tangkak
|
| 999 |
|
|
|a 0001088445
|b Book
|c Children Collection
|e Cawangan Bukit Gambir
|
| 999 |
|
|
|a 0001088461
|b Book
|c Children Collection
|e Cawangan Segamat
|
| 999 |
|
|
|a 0001088493
|b Book
|c Children Collection
|e Cawangan Bukit Gambir
|
| 999 |
|
|
|a 0001088501
|b Book
|c Children Collection
|e Cawangan Taman Sri Lambak
|
| 999 |
|
|
|a 0001088517
|b Book
|c Children Collection
|e Cawangan Tangkak
|
| 999 |
|
|
|a 0001088533
|b Book
|c Children Collection
|e Cawangan Tangkak
|
| 999 |
|
|
|a 0001088549
|b Book
|c Children Collection
|e Cawangan Taman Universiti
|
| 999 |
|
|
|a 0001088573
|b Book
|c Children Collection
|e Cawangan Mersing
|
| 999 |
|
|
|a 0001088581
|b Book
|c Children Collection
|e Cawangan Pontian
|
| 999 |
|
|
|a 0001088597
|b Book
|c Adult Collection
|e Cawangan Bandar Penawar
|
| 999 |
|
|
|a 0001088605
|b Book
|c Children Collection
|e Cawangan Segamat
|
| 999 |
|
|
|a 0001088621
|b Book
|c Children Collection
|e Cawangan Bukit Gambir
|
| 999 |
|
|
|a 0001088645
|b Book
|c Children Collection
|e Cawangan Taman Universiti
|
| 999 |
|
|
|a 0001088661
|b Book
|c Children Collection
|e Cawangan Bandar Tenggara
|
| 999 |
|
|
|a 0001088669
|b Book
|c Children Collection
|e Cawangan Mersing
|